शारीर-एक समरभूमि / (Record no. 119604)

MARC details
000 -LEADER
fixed length control field 01055nam a22002537a 4500
005 - DATE AND TIME OF LATEST TRANSACTION
control field 20170124103145.0
010 ## - LIBRARY OF CONGRESS CONTROL NUMBER
LC control number A-614319
020 ## - INTERNATIONAL STANDARD BOOK NUMBER
Terms of availability 9.00
International Standard Book Number 8172360053
035 ## - SYSTEM CONTROL NUMBER
System control number A-614319
037 ## - SOURCE OF ACQUISITION
Source of stock number/acquisition Cen Lib/Ret
040 ## - CATALOGING SOURCE
Original cataloging agency DPL
Language of cataloging HN
082 ## - DEWEY DECIMAL CLASSIFICATION NUMBER
Classification number 616.079
Item number फोंडके
100 ## - MAIN ENTRY--PERSONAL NAME
Personal name फोंडके, बाल
9 (RLIN) 85794
245 ## - TITLE STATEMENT
Title शारीर-एक समरभूमि /
Statement of responsibility, etc बाल फोंडके
246 ## - VARYING FORM OF TITLE
Title proper/short title Sharir-ek samarbhumi /
Remainder of title by Bal Fondek
260 ## - PUBLICATION, DISTRIBUTION, ETC. (IMPRINT)
Place of publication, distribution, etc नई दिल्ली
Name of publisher, distributor, etc प्रकाशन एवं सूचना निदेशालय
Date of publication, distribution, etc 1991
270 ## - ADDRESS
Address के. एस. क्रिष्णन मार्ग
City नई दिल्ली
Postal code 110012
300 ## - PHYSICAL DESCRIPTION
Extent 78पृ. :
Dimensions 21सेमी(सजिल्द)
Other physical details सचित्र
650 ## - SUBJECT ADDED ENTRY--TOPICAL TERM
Topical term or geographic name as entry element सेना का संगठन
9 (RLIN) 42569
650 ## - SUBJECT ADDED ENTRY--TOPICAL TERM
Topical term or geographic name as entry element युद्ध विराम
9 (RLIN) 85795
650 ## - SUBJECT ADDED ENTRY--TOPICAL TERM
Topical term or geographic name as entry element Military organization
9 (RLIN) 85796
650 ## - SUBJECT ADDED ENTRY--TOPICAL TERM
Topical term or geographic name as entry element Ceasefire
9 (RLIN) 85797
942 ## - ADDED ENTRY ELEMENTS (KOHA)
Source of classification or shelving scheme Dewey Decimal Classification
Koha item type Hindi Books
Classification part 616.079
Call number suffix फोंडके
Holdings
Withdrawn status Lost status Damaged status Not for loan Home library Current library Date acquired Source of acquisition Cost, normal purchase price Total Checkouts Full call number Barcode Date last seen Copy number Cost, replacement price Price effective from Koha item type
        Central Library Central Library 17/09/2015 Cen Lib/Ret 9.00   616.079 फोंडके A-614319 17/09/2015 1 9.00 17/09/2015 Hindi Books

© Delhi Public Library
Hit Counter
free hit counter